000 00356nam a2200133Ia 4500
005 20260328101450.0
008 260328s9999||||xx |||||||||||||| ||und||
100 _aVillegas, Marcelo
245 0 _aGuadua :
_b Arquitectura y DiseƱo /
_cMarcelo Villegas
260 _bVillegas Editores
300 _a206 p.
650 _aMATERIALES CONSTRUCTIVOS
942 _cBK
999 _c8628
_d8628